{"text_format":"3","workbook":"xlsx","n_sheets":1,"sheets":["t210"],"read":"whole","date_system":"1900"}

{"sheet":"t210","index":0,"n_rows":176,"n_cols":7,"rows_kept":176,"merged":[[0,0,0,6],[30,0,30,5],[42,0,42,5],[144,0,144,5]]}
["TABELA 210.1 - Estatísticas Agrícolas, Município de Guariba, Estado de São Paulo, 2007/08."]
["ITEM","UNIDADE","N.DE UPAs","MÍNIMO","MÉDIO","MÁXIMO","TOTAL"]
["Distância à sede do município","km",190,0.5,{"v":8.29,"d":"8.3"},{"v":45,"d":"45.0"},"-"]
["Área total","hectare",190,0.1,{"v":137.19,"d":"137.2"},{"v":2282.8,"d":"2,282.8"},{"v":26066,"d":"26,066.0"}]
["Área com cultura perene","hectare",5,0.3,{"v":0.66,"d":"0.7"},1.2,3.3]
["Área com cultura temporária","hectare",178,0.3,{"v":124.08,"d":"124.1"},{"v":1910.5,"d":"1,910.5"},{"v":22085.7,"d":"22,085.7"}]
["Área com pastagem","hectare",26,0.1,{"v":18.93,"d":"18.9"},{"v":216,"d":"216.0"},492.3]
["Área com reflorestamento","hectare",8,0.7,{"v":34.81,"d":"34.8"},144.1,278.5]
["Área com vegetação natural","hectare",43,0.2,{"v":19.02,"d":"19.0"},134.2,817.7]
["Área com vegetação de brejo e várzea","hectare",47,0.4,{"v":16.29,"d":"16.3"},{"v":212,"d":"212.0"},765.7]
["Área em descanso","hectare",6,{"v":3,"d":"3.0"},27.4,83.8,164.4]
["Área complementar","hectare",179,0.1,{"v":8.15,"d":"8.2"},{"v":99,"d":"99.0"},{"v":1458.4,"d":"1,458.4"}]
["Área das UPAs com (0, 1] ha","hectare",5,0.1,{"v":0.58,"d":"0.6"},{"v":1,"d":"1.0"},2.9]
["Área das UPAs com (1, 2] ha","hectare",2,1.3,{"v":1.35,"d":"1.4"},1.4,2.7]
["Área das UPAs com (2, 5] ha","hectare",14,3.4,{"v":4.44,"d":"4.4"},{"v":5,"d":"5.0"},62.2]
["Área das UPAs com (5, 10] ha","hectare",12,{"v":6,"d":"6.0"},{"v":8.23,"d":"8.2"},{"v":10,"d":"10.0"},98.8]
["Área das UPAs com (10, 20] ha","hectare",31,10.4,{"v":14.05,"d":"14.1"},19.1,435.7]
["Área das UPAs com (20, 50] ha","hectare",44,21.8,{"v":32.12,"d":"32.1"},48.5,{"v":1413.4,"d":"1,413.4"}]
["Área das UPAs com (50, 100] ha","hectare",31,50.3,{"v":76.02,"d":"76.0"},98.6,{"v":2356.6,"d":"2,356.6"}]
["Área das UPAs com (100, 200] ha","hectare",16,104.1,{"v":143.94,"d":"143.9"},{"v":197,"d":"197.0"},{"v":2303.1,"d":"2,303.1"}]
["Área das UPAs com (200, 500] ha","hectare",18,202.3,{"v":316.95,"d":"317.0"},454.3,{"v":5705.1,"d":"5,705.1"}]
["Área das UPAs com (500, 1.000] ha","hectare",14,501.1,{"v":654.17,"d":"654.2"},923.8,{"v":9158.4,"d":"9,158.4"}]
["Área das UPAs com (1.000, 2.000] ha","hectare",2,{"v":1021.1,"d":"1,021.1"},{"v":1122.15,"d":"1,122.2"},{"v":1223.2,"d":"1,223.2"},{"v":2244.3,"d":"2,244.3"}]
["Área das UPAs com (2.000, 5.000] ha","hectare",1,{"v":2282.8,"d":"2,282.8"},{"v":2282.8,"d":"2,282.8"},{"v":2282.8,"d":"2,282.8"},{"v":2282.8,"d":"2,282.8"}]
["Área das UPAs com (5.000, 10.000] ha","hectare","-","-","-","-","-"]
["Área das UPAs acima de 10.000 ha","hectare","-","-","-","-","-"]
["Familiares do proprietário que trabalham na UPA","unidade",116,{"v":1,"d":"1.0"},1.3,{"v":6,"d":"6.0"},{"v":151,"d":"151.0"}]
["Trabalhadores permanentes","unidade",33,{"v":1,"d":"1.0"},{"v":68.94,"d":"68.9"},{"v":2000,"d":"2,000.0"},{"v":2275,"d":"2,275.0"}]
["Fonte: Secretaria de Agricultura e Abastecimento, CDRS/IEA, Projeto LUPA."]
[]
["TABELA 210.2 - Explorações Animais, Município de Guariba, Estado de São Paulo, 2007/08."]
["ITEM","UNIDADE","N.DE UPAs","MÍNIMO","MÉDIO","MÁXIMO","TOTAL"]
["Avicultura para Ovos","cabeças",1,{"v":1,"d":"1.0"},{"v":1,"d":"1.0"},{"v":1,"d":"1.0"},{"v":1,"d":"1.0"}]
["Bovinocultura de Corte","cabeças",2,{"v":20,"d":"20.0"},{"v":31,"d":"31.0"},{"v":42,"d":"42.0"},{"v":62,"d":"62.0"}]
["Bovinocultura Leiteira","cabeças",4,{"v":2,"d":"2.0"},{"v":9.75,"d":"9.8"},{"v":16,"d":"16.0"},{"v":39,"d":"39.0"}]
["Bovinocultura Mista","cabeças",7,{"v":4,"d":"4.0"},{"v":24.57,"d":"24.6"},{"v":104,"d":"104.0"},{"v":172,"d":"172.0"}]
["Caprinocultura","cabeças",1,{"v":50,"d":"50.0"},{"v":50,"d":"50.0"},{"v":50,"d":"50.0"},{"v":50,"d":"50.0"}]
["Equinocultura","cabeças",2,{"v":3,"d":"3.0"},21.5,{"v":40,"d":"40.0"},{"v":43,"d":"43.0"}]
["Ovinocultura","cabeças",2,{"v":10,"d":"10.0"},20.5,{"v":31,"d":"31.0"},{"v":41,"d":"41.0"}]
["Suinocultura","cabeças",7,{"v":1,"d":"1.0"},{"v":340.14,"d":"340.1"},{"v":2100,"d":"2,100.0"},{"v":2381,"d":"2,381.0"}]
["Fonte: Secretaria de Agricultura e Abastecimento, CDRS/IEA, Projeto LUPA."]
[]
["TABELA 210.3 -  Máquinas, Implementos e Benfeitorias, Município de Guariba, Estado de São Paulo, 2007/08."]
["ITEM","UNIDADE","N.DE UPAs","MÍNIMO","MÉDIO","MÁXIMO","TOTAL"]
["Arado Comum (Bacia, Aiveca)","Unidade",9,{"v":1,"d":"1.0"},{"v":1.33,"d":"1.3"},{"v":4,"d":"4.0"},{"v":12,"d":"12.0"}]
["Arado Escarificador","Unidade",3,{"v":1,"d":"1.0"},{"v":1,"d":"1.0"},{"v":1,"d":"1.0"},{"v":3,"d":"3.0"}]
["Arado Subsolador","Unidade",8,{"v":1,"d":"1.0"},{"v":1.38,"d":"1.4"},{"v":3,"d":"3.0"},{"v":11,"d":"11.0"}]
["Carregadeira de Cana","Unidade",7,{"v":1,"d":"1.0"},{"v":8.57,"d":"8.6"},{"v":50,"d":"50.0"},{"v":60,"d":"60.0"}]
["Colhedeira Acoplada","Unidade",2,{"v":1,"d":"1.0"},1.5,{"v":2,"d":"2.0"},{"v":3,"d":"3.0"}]
["Colhedeira Automotriz","Unidade",5,{"v":1,"d":"1.0"},7.6,{"v":30,"d":"30.0"},{"v":38,"d":"38.0"}]
["Conj.Irrigação Autopropelido","Unidade",2,{"v":1,"d":"1.0"},{"v":1,"d":"1.0"},{"v":1,"d":"1.0"},{"v":2,"d":"2.0"}]
["Conj.Irrigação Convencional","Unidade",1,{"v":1,"d":"1.0"},{"v":1,"d":"1.0"},{"v":1,"d":"1.0"},{"v":1,"d":"1.0"}]
["Conj.Irrigação/Gotejamento/Microaspersão","Unidade",1,{"v":1,"d":"1.0"},{"v":1,"d":"1.0"},{"v":1,"d":"1.0"},{"v":1,"d":"1.0"}]
["Desintegrador de Palha (Plantio Direto)","Unidade",1,{"v":1,"d":"1.0"},{"v":1,"d":"1.0"},{"v":1,"d":"1.0"},{"v":1,"d":"1.0"}]
["Desintegrador, Picador, Triturador","Unidade",11,{"v":1,"d":"1.0"},{"v":1.82,"d":"1.8"},{"v":4,"d":"4.0"},{"v":20,"d":"20.0"}]
["Distribuidor de Calcário","Unidade",6,{"v":1,"d":"1.0"},{"v":1.33,"d":"1.3"},{"v":3,"d":"3.0"},{"v":8,"d":"8.0"}]
["Ensiladeira","Unidade",4,{"v":1,"d":"1.0"},{"v":1.25,"d":"1.3"},{"v":2,"d":"2.0"},{"v":5,"d":"5.0"}]
["Grade Aradora (Tipo Romi)","Unidade",7,{"v":1,"d":"1.0"},{"v":1.29,"d":"1.3"},{"v":2,"d":"2.0"},{"v":9,"d":"9.0"}]
["Grade Niveladora","Unidade",13,{"v":1,"d":"1.0"},{"v":1.77,"d":"1.8"},{"v":4,"d":"4.0"},{"v":23,"d":"23.0"}]
["Implementos para Tração Animal","Unidade",1,{"v":2,"d":"2.0"},{"v":2,"d":"2.0"},{"v":2,"d":"2.0"},{"v":2,"d":"2.0"}]
["Microtrator","Unidade",1,{"v":1,"d":"1.0"},{"v":1,"d":"1.0"},{"v":1,"d":"1.0"},{"v":1,"d":"1.0"}]
["Misturador de Ração","Unidade",3,{"v":1,"d":"1.0"},{"v":1,"d":"1.0"},{"v":1,"d":"1.0"},{"v":3,"d":"3.0"}]
["Ordenhadeira Mecânica","Unidade",3,{"v":1,"d":"1.0"},{"v":1.33,"d":"1.3"},{"v":2,"d":"2.0"},{"v":4,"d":"4.0"}]
["Pulverizador Tratorizado","Unidade",8,{"v":1,"d":"1.0"},{"v":1.63,"d":"1.6"},{"v":2,"d":"2.0"},{"v":13,"d":"13.0"}]
["Resfriador de Leite, Tanque Expansão","Unidade",2,{"v":1,"d":"1.0"},{"v":1,"d":"1.0"},{"v":1,"d":"1.0"},{"v":2,"d":"2.0"}]
["Semeadeira/Adubadeira para Plantio Convencional","Unidade",6,{"v":1,"d":"1.0"},{"v":1.67,"d":"1.7"},{"v":3,"d":"3.0"},{"v":10,"d":"10.0"}]
["Semeadeira/Plantadeira Plantio Direto","Unidade",3,{"v":1,"d":"1.0"},{"v":1,"d":"1.0"},{"v":1,"d":"1.0"},{"v":3,"d":"3.0"}]
["Terraceador","Unidade",1,{"v":1,"d":"1.0"},{"v":1,"d":"1.0"},{"v":1,"d":"1.0"},{"v":1,"d":"1.0"}]
["Trator de Esteiras","Unidade",3,{"v":1,"d":"1.0"},{"v":6,"d":"6.0"},{"v":15,"d":"15.0"},{"v":18,"d":"18.0"}]
["Trator de Pneus","Unidade",22,{"v":1,"d":"1.0"},{"v":12.27,"d":"12.3"},{"v":185,"d":"185.0"},{"v":270,"d":"270.0"}]
["Açude/Represa","Unidade",12,{"v":1,"d":"1.0"},{"v":1.08,"d":"1.1"},{"v":2,"d":"2.0"},{"v":13,"d":"13.0"}]
["Alambique","Unidade",1,{"v":1,"d":"1.0"},{"v":1,"d":"1.0"},{"v":1,"d":"1.0"},{"v":1,"d":"1.0"}]
["Almoxarifado/Oficina","Unidade",4,{"v":1,"d":"1.0"},{"v":2.25,"d":"2.3"},{"v":6,"d":"6.0"},{"v":9,"d":"9.0"}]
["Armazém para Grãos Ensacados","Sacas",3,{"v":1000,"d":"1,000.0"},{"v":1000,"d":"1,000.0"},{"v":1000,"d":"1,000.0"},{"v":3000,"d":"3,000.0"}]
["Balança para Bovinos","Unidade",2,{"v":1,"d":"1.0"},{"v":1,"d":"1.0"},{"v":1,"d":"1.0"},{"v":2,"d":"2.0"}]
["Balança para Veículos","Unidade",1,{"v":1,"d":"1.0"},{"v":1,"d":"1.0"},{"v":1,"d":"1.0"},{"v":1,"d":"1.0"}]
["Barracão para Granja/Avicultura","Unidade",2,{"v":1,"d":"1.0"},{"v":1,"d":"1.0"},{"v":1,"d":"1.0"},{"v":2,"d":"2.0"}]
["Barracão/Galpão/Garagem","Unidade",38,{"v":1,"d":"1.0"},{"v":1.87,"d":"1.9"},{"v":8,"d":"8.0"},{"v":71,"d":"71.0"}]
["Casa de Moradia Habitada","Unidade",49,{"v":1,"d":"1.0"},{"v":6,"d":"6.0"},{"v":117,"d":"117.0"},{"v":294,"d":"294.0"}]
["Casa de Moradia Total","Unidade",53,{"v":1,"d":"1.0"},{"v":6.36,"d":"6.4"},{"v":123,"d":"123.0"},{"v":337,"d":"337.0"}]
["Curral/Mangueira","Unidade",18,{"v":1,"d":"1.0"},{"v":1.39,"d":"1.4"},{"v":4,"d":"4.0"},{"v":25,"d":"25.0"}]
["Depósito/Tulha","Unidade",16,{"v":1,"d":"1.0"},{"v":1.44,"d":"1.4"},{"v":4,"d":"4.0"},{"v":23,"d":"23.0"}]
["Estábulo","Unidade",6,{"v":1,"d":"1.0"},{"v":1.17,"d":"1.2"},{"v":2,"d":"2.0"},{"v":7,"d":"7.0"}]
["Estufa/Plasticultura","m²",2,{"v":400,"d":"400.0"},{"v":650,"d":"650.0"},{"v":900,"d":"900.0"},{"v":1300,"d":"1,300.0"}]
["Fábrica de Ração","Unidade",3,{"v":1,"d":"1.0"},{"v":1,"d":"1.0"},{"v":1,"d":"1.0"},{"v":3,"d":"3.0"}]
["Instalações para Equinos","Unidade",2,{"v":1,"d":"1.0"},1.5,{"v":2,"d":"2.0"},{"v":3,"d":"3.0"}]
["Pocilga","Unidade",11,{"v":1,"d":"1.0"},{"v":1.27,"d":"1.3"},{"v":3,"d":"3.0"},{"v":14,"d":"14.0"}]
["Poço Semi-Artesiano","Unidade",6,{"v":1,"d":"1.0"},{"v":1.17,"d":"1.2"},{"v":2,"d":"2.0"},{"v":7,"d":"7.0"}]
["Posto Meteorológico","Unidade",1,{"v":1,"d":"1.0"},{"v":1,"d":"1.0"},{"v":1,"d":"1.0"},{"v":1,"d":"1.0"}]
["Secador de Grãos","Unidade",1,{"v":1,"d":"1.0"},{"v":1,"d":"1.0"},{"v":1,"d":"1.0"},{"v":1,"d":"1.0"}]
["Silo para Silagem","t",3,{"v":1,"d":"1.0"},{"v":467,"d":"467.0"},{"v":850,"d":"850.0"},{"v":1401,"d":"1,401.0"}]
["Terreiro","m²",5,{"v":50,"d":"50.0"},{"v":790,"d":"790.0"},{"v":2500,"d":"2,500.0"},{"v":3950,"d":"3,950.0"}]
["Usina de Açúcar/destilaria","Unidade",1,{"v":1,"d":"1.0"},{"v":1,"d":"1.0"},{"v":1,"d":"1.0"},{"v":1,"d":"1.0"}]
["Fonte: Secretaria de Agricultura e Abastecimento, CDRS/IEA, Projeto LUPA."]
[]
["TABELA 210.4 - Outras Estatísticas Agrícolas, Município de Guariba, Estado de São Paulo, 2007/08."]
["ITEM","Número de UPAs",null,"Percentual"]
["Faz Parte de Associação de Produtores",141,null,{"v":74.21052631578948,"d":"74.2"}]
["Faz Parte de Cooperativa de Produtores",153,null,{"v":80.52631578947368,"d":"80.5"}]
["Faz Parte do Sindicato de Produtores",124,null,{"v":65.26315789473684,"d":"65.3"}]
["Não utiliza assistência técnica ",31,null,{"v":16.31578947368421,"d":"16.3"}]
["Utiliza somente assistência técnica governamental ",4,null,{"v":2.1052631578947367,"d":"2.1"}]
["Utiliza somente assistência técnica privada ",145,null,{"v":76.3157894736842,"d":"76.3"}]
["Utiliza assistência técnica tanto governamental quanto privada",10,null,{"v":5.2631578947368425,"d":"5.3"}]
["Utiliza Crédito Rural",41,null,{"v":21.57894736842105,"d":"21.6"}]
["Utiliza Seguro Rural",26,null,{"v":13.68421052631579,"d":"13.7"}]
["Utiliza Escrituração Agrícola",102,null,{"v":53.68421052631579,"d":"53.7"}]
["Acessa Internet p/ Fins na Agropecuária",71,null,{"v":37.36842105263158,"d":"37.4"}]
["Utiliza Computador nas Atividades Agropecuárias",75,null,{"v":39.473684210526315,"d":"39.5"}]
["Utiliza Energia Elétrica Para Uso na Atividade Agrícola",81,null,{"v":42.63157894736842,"d":"42.6"}]
["Realiza Análise de Solo, quando necessário",107,null,{"v":56.31578947368421,"d":"56.3"}]
["Utiliza Práticas de Conservação de Solo, quando necessário",163,null,{"v":85.78947368421052,"d":"85.8"}]
["Faz Adubação Mineral, quando necessário",168,null,{"v":88.42105263157895,"d":"88.4"}]
["Faz Adubação Orgânica, quando necessário",54,null,{"v":28.42105263157895,"d":"28.4"}]
["Faz Adubação Verde, quando necessário",12,null,{"v":6.3157894736842115,"d":"6.3"}]
["Utiliza Manejo Integrado de Pragas (MIP)",3,null,{"v":1.5789473684210529,"d":"1.6"}]
["Utiliza Hidroponia","-",null,"-"]
["Utiliza Plasticultura","-",null,"-"]
["Utiliza Mudas Fiscalizadas",65,null,{"v":34.21052631578947,"d":"34.2"}]
["Utiliza Semente Melhorada",33,null,{"v":17.36842105263158,"d":"17.4"}]
["Faz Confinamento de Bovinos",3,null,{"v":1.5789473684210529,"d":"1.6"}]
["Utiliza Pastejo Intensivo","-",null,"-"]
["Faz Inseminação Artificial","-",null,"-"]
["Faz Mineralização do Rebanho",6,null,{"v":3.1578947368421058,"d":"3.2"}]
["Faz Vermifugação do Rebanho",6,null,{"v":3.1578947368421058,"d":"3.2"}]
["Possui Parceiros /Arrendatários na Exploração Animal",27,null,{"v":14.210526315789474,"d":"14.2"}]
["Esporte e lazer","-",null,"-"]
["Extração mineral","-",null,"-"]
["Hotel Fazenda, Pousada ou SPA","-",null,"-"]
["Pesque-pague","-",null,"-"]
["Restaurante ou Lanchonete","-",null,"-"]
["Transformação artesanal","-",null,"-"]
["Turismo rural ou ecoturismo","-",null,"-"]
["Outras atividades econômicas rurais","-",null,"-"]
["Agroindústria","-",null,"-"]
["Proprietário sem instrução ou com instrução incompleta",2,null,{"v":1.0526315789473684,"d":"1.1"}]
["Proprietário com antigo primário completo",41,null,{"v":21.57894736842105,"d":"21.6"}]
["Proprietário com 1° grau (ou antigo ginasial) completo",11,null,{"v":5.7894736842105265,"d":"5.8"}]
["Proprietário com 2° grau (ou antigo colegial) completo",21,null,{"v":11.052631578947368,"d":"11.1"}]
["Proprietário com curso superior completo ",62,null,{"v":32.63157894736842,"d":"32.6"}]
["Pessoa Jurídica",53,null,{"v":27.894736842105264,"d":"27.9"}]
["Proprietário residente na própria UPA ",15,null,{"v":7.894736842105263,"d":"7.9"}]
["Fonte: Secretaria de Agricultura e Abastecimento, CDRS/IEA, Projeto LUPA."]
[]
["TABELA 210.5 - Área Cultivada, Município de Guariba, Estado de São Paulo, 2007/08."]
["CULTURA","N.DE UPAs","MÍNIMO","MÉDIO","MÁXIMO","TOTAL"]
["Cana-de-acucar",173,1.1,{"v":127,"d":"127.0"},{"v":1910.5,"d":"1,910.5"},{"v":21971.2,"d":"21,971.2"}]
["Amendoim",35,2.2,{"v":26.76,"d":"26.8"},198.7,936.7]
["Soja",11,{"v":7,"d":"7.0"},{"v":56.11,"d":"56.1"},{"v":130,"d":"130.0"},617.2]
["Gramas",19,0.1,{"v":13.65,"d":"13.7"},{"v":136,"d":"136.0"},259.3]
["Eucalipto",5,0.7,{"v":43.54,"d":"43.5"},144.1,217.7]
["Outras gramineas para pastagem",5,0.5,21.8,84.7,{"v":109,"d":"109.0"}]
["Outras florestais",3,5.7,{"v":20.27,"d":"20.3"},45.1,60.8]
["Braquiaria",4,{"v":2,"d":"2.0"},{"v":13.03,"d":"13.0"},{"v":30,"d":"30.0"},52.1]
["Capim-jaragua",1,41.9,41.9,41.9,41.9]
["Capim-napier (ou capim-elefante)",1,{"v":30,"d":"30.0"},{"v":30,"d":"30.0"},{"v":30,"d":"30.0"},{"v":30,"d":"30.0"}]
["Milho",1,25.8,25.8,25.8,25.8]
["Crotalaria",1,{"v":10,"d":"10.0"},{"v":10,"d":"10.0"},{"v":10,"d":"10.0"},{"v":10,"d":"10.0"}]
["Alface",2,{"v":1,"d":"1.0"},1.7,2.4,3.4]
["Pomar domestico",3,0.4,{"v":0.87,"d":"0.9"},1.2,2.6]
["Outras olericolas",3,0.3,0.5,0.8,1.5]
["Batata-doce",1,{"v":1,"d":"1.0"},{"v":1,"d":"1.0"},{"v":1,"d":"1.0"},{"v":1,"d":"1.0"}]
["Mandioca",1,{"v":1,"d":"1.0"},{"v":1,"d":"1.0"},{"v":1,"d":"1.0"},{"v":1,"d":"1.0"}]
["Chicoria (ou chicoria-de-folha-crespa)",2,0.1,{"v":0.45,"d":"0.5"},0.8,0.9]
["Outras culturas temporárias",1,0.5,0.5,0.5,0.5]
["Laranja",2,0.1,0.2,0.3,0.4]
["Brocolos (ou brocolis)",1,0.1,0.1,0.1,0.1]
["Couve (ou couve-crespa)",1,0.1,0.1,0.1,0.1]
["Tangerina",1,0.1,0.1,0.1,0.1]
["Beterraba",1,0.1,0.1,0.1,0.1]
["Jabuticaba",1,0.1,0.1,0.1,0.1]
["Berinjela",1,0.1,0.1,0.1,0.1]
["Banana",1,0.1,0.1,0.1,0.1]
["Repolho",1,0.1,0.1,0.1,0.1]
["Cenoura",1,0.1,0.1,0.1,0.1]
["Fonte: Secretaria de Agricultura e Abastecimento, CDRS/IEA, Projeto LUPA."]